[Event "Roncana op-A 7th"]
[Site "Santa Eulalia de Roncana"]
[Date "2013.11.30"]
[Round "8"]
[White "Gonzalez Lozano, Juan"]
[Black "Amores Oliveros, Justo"]
[Result "1-0"]
[WhiteElo "1953"]
[BlackElo "1775"]
[PlyCount "94"]
[EventDate "2013.10.05"]
[EventType "swiss"]
[EventRounds "8"]
[EventCountry "ESP"]
[SourceTitle "CBM 157 Extra"]
[Source "ChessBase"]
[SourceDate "2013.12.19"]
[SourceVersion "1"]
[SourceVersionDate "2013.12.19"]
[SourceQuality "1"]

1. d4 d6 2. c4 Nf6 3. Nc3 c6 4. Bg5 e6 5. e4 Be7 6. Nf3 0-0 7. Bd3 Ne8 8. Bxe7 Qxe7 9. 0-0 f5 10. e5 d5 11. cxd5 cxd5 12. Rc1 Nc6 13. a3 a6 14. Na4 g5 15. h3 h5 16. Qd2 g4 17. hxg4 hxg4 18. Qg5+ Qxg5 19. Nxg5 Nxd4 20. Nb6 Rb8 21. Nxc8 Kg7 22. f4 gxf3 23. Nxf3 Nc6 24. Nb6 Rh8 25. Bxa6 Nxe5 26. Bb5 Ng4 27. Bxe8 Rhxe8 28. Rc7+ Kg6 29. Nd7 Rbc8 30. Rfc1 Rxc7 31. Rxc7 d4 32. Nxd4 e5 33. Ne2 f4 34. Rxb7 Rc8 35. Nxe5+ Nxe5 36. Nxf4+ Kg5 37. Nd5 Ng4 38. Rg7+ Kh4 39. Rh7+ Kg5 40. Rc7 Rf8 41. Rc5 Rf5 42. Nc7 Ne5 43. b4 Kg4 44. Nd5 Kh4 45. Ne3 Rg5 46. Kf1 Kg3 47. Nc4 Kf4 1-0

[Event "Roncana op-A 7th"]
[Site "Santa Eulalia de Roncana"]
[Date "2013.10.19"]
[Round "3"]
[White "Gonzalez Lozano, Juan"]
[Black "Vegara Gallego, Pere"]
[Result "1/2-1/2"]
[WhiteElo "1953"]
[BlackElo "1699"]
[PlyCount "102"]
[EventDate "2013.10.05"]
[EventType "swiss"]
[EventRounds "8"]
[EventCountry "ESP"]
[SourceTitle "CBM 157 Extra"]
[Source "ChessBase"]
[SourceDate "2013.12.19"]
[SourceVersion "1"]
[SourceVersionDate "2013.12.19"]
[SourceQuality "1"]

1. d4 d5 2. Nf3 Nf6 3. Bg5 e6 4. e3 Be7 5. Bd3 Nbd7 6. 0-0 c6 7. c3 Qc7 8. Bf4 Qd8 9. Nbd2 0-0 10. Qc2 h6 11. h3 Re8 12. Ne5 Nxe5 13. dxe5 Nd7 14. Bg3 a5 15. c4 b6 16. cxd5 cxd5 17. Rac1 Ba6 18. Bxa6 Rxa6 19. Nb3 Ra8 20. Nd4 Nc5 21. f3 Qd7 22. Qe2 Rec8 23. Rfd1 Qb7 24. Qb5 Qa6 25. Bf2 Qxb5 26. Nxb5 Kf8 27. Kf1 Na6 28. e4 Rxc1 29. Rxc1 dxe4 30. fxe4 Nc5 31. Rc4 Nd3 32. Bd4 Nc5 33. Bc3 Bh4 34. Ke2 g6 35. Kf3 h5 36. Bd4 Be7 37. Nd6 Rd8 38. Bxc5 bxc5 39. Rxc5 a4 40. Rb5 Bxd6 41. exd6 Rxd6 42. Rb4 a3 43. Ke3 axb2 44. Rxb2 Rd1 45. Rb8+ Kg7 46. a4 e5 47. a5 g5 48. a6 Ra1 49. Rb6 Ra4 50. Kf3 Ra3+ 51. Kf2 Ra5 1/2-1/2